1603 1710 1958 1956 1912 1207 1133 1358 1285 1503 1641 1608 1830 1436 1667 1064 1184 1850 1801 1537 1974 1460 1346 1634 1979 1797 1823 1524 1986 1656 1542 1922 1494 1867 1576 1005 1147 1657 1285 1125 1429 1882 1326 1904 1365 1963 1279 1633 1655 1067 1904 1781 1540 1545 1729 1088 1591 1409 1375 1228 1872 1647 1074 1926 1780 1961 1066 1735 1178 1432 1950 1065 1490 1458 1787 1605 1877 1811 1531 1681 1729 1995 1382 1402 1008 1468 1354 1498 1007 1709 1641 1453 1564 1469 1999 1406 1790 1523 1129 BCNSPRNW ULIB Ver.6.0+V

เปลี่ยนเป็นภาษาไทย

Change to English
 แสดงรายละเอียดบรรณานุกรม
  กลับหน้าหลัก

Brief Record : Get Marc (ISO 2709) : E-mail record : QR code < ปิดหน้าต่าง
LEADER : 00000nam 2200000uu 4500
001    13399114076
003     ULIB
008    120214s2541||||th 000 0 tha d
020    ^a9747803577
060 04 ^aWA380^bอ223ก 2541
245 00 ^aการวิจัยและพัฒนาระบบบัญชีรายจ่ายสุขภาพแห่งชาติ =^bNational
246 31 ^aNational health account-NHA
250    ^aพิมพ์ครั้งที่ 1
260    ^aกรุงเทพฯ :^bโฮลิสติก,^c2541
300    ^a62 หน้า ;^c26 ซม.
500    ^aนักวิจัย: อดิศวร์ หลายชูไทย, วิพรรณ ประจวบเหมาะ รูฟฟูโล,
650  4 ^aค่าใช้จ่ายในการรักษาพยาบาล
650  4 ^aบริการทางการแพทย์^xการบัญชี
650  4 ^aบริการสุขภาพ^xค่าใช้จ่าย
650  4 ^aสุชภาพ^xค่าใช้จ่าย
650  4 ^aวิจัย
700 0  ^aอดิศวร์ หลายชูไทย
700 0  ^aประจวบเหมาะ รูฟฟูโล
700 0  ^aดวงกมล วิมลกิจ
700 0  ^aนวลอนันต์ ตันติเกตุ
700 0  ^aวิโรจน์ ตั้งเจริญเสถียร
700 0  ^aอุทัย ม่วงศรีเมืองดี
700 0  ^aอนุวัฒน์ ศุภชุติกุล,^eบรรณาธิการ
945    ^p0^l0^i8577
995    ^aกัณชพร
999 ^a ใช้งานได้ทุกระบบ
รายการนี้ยังไม่มีแท็ก
คุณยังไม่ได้ล็อกอิน คุณสามารถมีกิจกรรมร่วมกับเว็บไซต์ได้ แต่ต้องล็อกอินก่อน ::
  ล็อกอิน

รายการสื่อสารสนเทศ

ลำดับที่ ประเภท เลขเรียก/บาร์โค้ด สถานที่ สถานะ
- ไม่พบข้อมูล -

รายการใกล้เคียง
    หัวเรื่อง [ค่าใช้จ่ายในการรักษาพยาบาล]
    หัวเรื่อง [วิจัย]

BibComment


ยังไม่เคยถูกคอมเมนท์

คอมเมนท์ทรัพยากรรายการนี้
  คอมเมนท์: การวิจัยและพัฒนา..


 Copyright 2026. Bcnsprnw @Library